<?xml version="1.0" encoding="UTF-8"?>
<collection xmlns="http://www.loc.gov/MARC21/slim">
 <record>
  <leader>00955cam a2200277 7i4500</leader>
  <controlfield tag="001">0000028456</controlfield>
  <controlfield tag="005">20241104090000.0</controlfield>
  <controlfield tag="008">240108t19981998myca   ###   #00001may##</controlfield>
  <datafield tag="020" ind1="#" ind2="#">
   <subfield code="a">9839932829 </subfield>
  </datafield>
  <datafield tag="040" ind1="#" ind2="#">
   <subfield code="a">UMT </subfield>
   <subfield code="b">eng </subfield>
   <subfield code="c">UMT </subfield>
   <subfield code="d">PNM </subfield>
   <subfield code="e">rda</subfield>
  </datafield>
  <datafield tag="090" ind1="0" ind2="0">
   <subfield code="a">DS 598 .J7 </subfield>
   <subfield code="b">P4 1998</subfield>
  </datafield>
  <datafield tag="245" ind1="1" ind2="0">
   <subfield code="a">Peninggalan sejarah di persisiran Sungai Johor  </subfield>
   <subfield code="c">penyunting : Kamarudin Ab.Razak.</subfield>
  </datafield>
  <datafield tag="264" ind1="#" ind2="4">
   <subfield code="c">♭1998</subfield>
  </datafield>
  <datafield tag="264" ind1="#" ind2="1">
   <subfield code="a">Johor: </subfield>
   <subfield code="b">Yayasan Warisan Johor, </subfield>
   <subfield code="c">[1998]</subfield>
  </datafield>
  <datafield tag="300" ind1="#" ind2="#">
   <subfield code="a">96 pages: </subfield>
   <subfield code="b">colour illustrations; </subfield>
   <subfield code="c">27 cm</subfield>
  </datafield>
  <datafield tag="336" ind1="#" ind2="#">
   <subfield code="a">text -- </subfield>
   <subfield code="2">rdacontent</subfield>
  </datafield>
  <datafield tag="337" ind1="#" ind2="#">
   <subfield code="a">unmediated -- </subfield>
   <subfield code="2">rdamedia</subfield>
  </datafield>
  <datafield tag="338" ind1="#" ind2="#">
   <subfield code="a">volume -- </subfield>
   <subfield code="2">rdacarrier</subfield>
  </datafield>
  <datafield tag="504" ind1="#" ind2="#">
   <subfield code="a">Includes bibliographical</subfield>
  </datafield>
  <datafield tag="590" ind1="#" ind2="#">
   <subfield code="a">Pusat Pendidikan Asas dan Liberal</subfield>
  </datafield>
  <datafield tag="650" ind1="#" ind2="0">
   <subfield code="a">Historic sites -- </subfield>
   <subfield code="z">Malaysia -- </subfield>
   <subfield code="z">Johor </subfield>
  </datafield>
  <datafield tag="651" ind1="#" ind2="0">
   <subfield code="a">Johor -- </subfield>
   <subfield code="x">History </subfield>
  </datafield>
  <datafield tag="651" ind1="#" ind2="0">
   <subfield code="a">Johor -- </subfield>
   <subfield code="x">Antiquities </subfield>
  </datafield>
  <datafield tag="700" ind1="0" ind2="#">
   <subfield code="a">Kamarudin Ab.Razak </subfield>
  </datafield>
  <datafield tag="710" ind1="2" ind2="#">
   <subfield code="a">Yayasan Warisan Johor </subfield>
  </datafield>
  <datafield tag="999" ind1=" " ind2=" ">
   <subfield code="a">1100012636</subfield>
   <subfield code="b">Book</subfield>
   <subfield code="c">Open Shelf</subfield>
   <subfield code="e">KOLEKSI TERBUKA</subfield>
  </datafield>
 </record>
</collection>
